[Event "It"]
[Site "masterchessopen.com - Oldenburg (Germany)"]
[Date "1949.06.21"]
[Round "4"]
[White "Kuppe W"]
[Black "Rautenberg Wilhelm"]
[Result "1-0"]
[WhiteElo "2260"]
[BlackElo "2301"]

1.Nf3 Nf6 2.d4 d6 3.c4 Nbd7 4.Nc3 e5 5.e4 c6 6.Be2 Be7 7.O-O O-O 8.Re1 Re8
9.Bf1 Bf8 10.g3 g6 11.Bg2 Bg7 12.b3 exd4 13.Nxd4 a5 14.Ba3 Nc5 15.Qd2 Qb6
16.Nc2 Ng4 17.Rf1 Re6 18.Rad1 Bd7 19.Nd4 Re7 20.Nde2 Be5 21.h3 Nf6 22.Kh2 Ne8
23.f4 Bg7 24.e5 Re6 25.Qe3 Qa7 26.Bxc5 {#r} 1-0

[Event "Zt"]
[Site "masterchessopen.com - Marianske Lazne (Czech Republic)"]
[Round "15"]
[White "Sliwa Bogdan (POL)"]
[Black "Uhlmann Wolfgang (GER)"]
[Result "1-0"]
[WhiteElo "2235"]
[BlackElo "2379"]

1.c4 Nf6 2.Nc3 e5 3.Nf3 d6 4.d4 Nbd7 5.e4 g6 6.h3 Bg7 7.Be3 c6 8.Qd2 O-O 9.Bd3
exd4 10.Bxd4 Ne5 11.Nxe5 dxe5 12.Be3 Be6 13.O-O Nh5 14.Rad1 Qc7 15.Ne2 Rfd8
16.Qc1 Rd7 17.b3 Bf8 18.Kh2 f5 19.f3 f4 20.Bf2 Qa5 21.c5 Ng7 22.a3 Rad8 23.b4
Qa4 24.Bh4 Re8 25.Bc4 Rxd1 26.Rxd1 Bxc4 27.Qxc4+ Kh8 28.Rd7 Ne6 29.Bf6+ Bg7
30.Qxe6 {#r} 1-0

[Event "Tournament"]
[Site "masterchessopen.com - Moscow (Russia)"]
[Round "0"]
[White "Murey Jacob (ISR)"]
[Black "Salov Sergei (GER)"]
[Result "1-0"]
[WhiteElo "2429"]
[BlackElo "2253"]

1.d4 Nf6 2.c4 d6 3.Nc3 e5 4.Nf3 Nbd7 5.e4 g6 6.Bg5 Bg7 7.dxe5 dxe5 8.Nxe5 Nxe5
9.Qxd8+ Kxd8 10.Nd5 Ng4 11.O-O-O Bd7 12.e5 Bh6 13.Bxh6 Nxd5 14.Bg5+ Ne7 15.Rd2
Re8 16.Be2 Nxf2 17.Bf3 Kc8 18.Rxf2 Be6 19.Rd1 Bxc4 20.Bxe7 Rxe7 21.Bg4+ Be6
22.Rxf7 {#r} 1-0

[Event "Ch Czechoslovakia"]
[Site "masterchessopen.com - Trinec (Czech Republic)"]
[Round "0"]
[White "Pribyl Josef (CZE)"]
[Black "Franzen Jozef (SVK)"]
[Result "1-0"]
[WhiteElo "2450"]
[BlackElo "2302"]

1.d4 Nf6 2.c4 d6 3.Nc3 Nbd7 4.e4 e5 5.Nf3 Be7 6.Be2 O-O 7.O-O c6 8.h3 a6 9.Be3
b5 10.a3 Bb7 11.Qc2 Rc8 12.Rad1 Qc7 13.Rd2 Rfe8 14.Rfd1 Bf8 15.dxe5 dxe5
16.Nh2 Nc5 17.Ng4 Nxg4 18.Bxg4 Rcd8 19.cxb5 axb5 20.b4 Na6 21.Nxb5 Rxd2
22.Nxc7 Rxc2 23.Nxe8 h5 24.Bxh5 Bc8 25.Rd8 Be6 26.Ra8 Bc4 27.Nd6 Nc7 28.Rc8 g6
29.Nxc4 {#r} 1-0

[Event "Ch Poland"]
[Site "masterchessopen.com - Gdynia (Poland)"]
[Round "2"]
[White "Schinzel Wladyslaw (POL)"]
[Black "Manasterski Lutoslaw (POL)"]
[Result "1-0"]
[WhiteElo "2380"]
[BlackElo "2240"]

1.d4 Nf6 2.c4 d6 3.Nf3 Nbd7 4.Nc3 e5 5.e4 Be7 6.g3 O-O 7.Bg2 Re8 8.O-O Bf8
9.d5 Nc5 10.Ne1 a5 11.b3 b6 12.Bb2 Bd7 13.Nd3 g6 14.Nxc5 bxc5 15.f4 exf4
16.gxf4 Bg7 17.Qd2 a4 18.bxa4 Bxa4 19.e5 Nh5 20.Ne4 dxe5 21.fxe5 Rxe5 22.Nxc5
Qg5 23.Qxg5 Rxg5 24.Bxg7 Kxg7 25.Rae1 Rg4 26.Re7 Nf4 27.Rxf4 Rxf4 28.Ne6+ Kf6
29.Nxf4 {#r} 1-0

[Event "Ch World (team) (under 26) (final A)"]
[Site "masterchessopen.com - Mexico City (Mexico)"]
[Round "8"]
[White "Johansen Darryl K (AUS)"]
[Black "Lavin David (CAN)"]
[Result "1-0"]
[WhiteElo "2408"]
[BlackElo "2224"]

1.c4 Nf6 2.Nc3 d6 3.d4 Nbd7 4.e4 e5 5.Nf3 Be7 6.Be2 O-O 7.O-O c6 8.d5 a6 9.Bd2
cxd5 10.cxd5 b5 11.b4 Nb6 12.a4 Nxa4 13.Nxa4 bxa4 14.Qb1 Bd7 15.Rc1 Qb6 16.Bd1
Ng4 17.Be1 f5 18.Bxa4 Bxa4 19.Rxa4 fxe4 20.Qxe4 Rf4 21.Qe2 e4 22.Rc6 exf3
23.Qe6+ {#r} 1-0

[Event "?"]
[Site "masterchessopen.com - Riga (Latvia)"]
[Round "0"]
[White "Shpilker Boris (RUS)"]
[Black "Krikunov Viktor (RUS)"]
[Result "1-0"]
[WhiteElo "2375"]
[BlackElo "2111"]

1.Nf3 Nf6 2.d4 d6 3.c4 Nbd7 4.Nc3 e5 5.e4 Be7 6.Be2 O-O 7.O-O c6 8.Re1 Re8
9.Bf1 Qc7 10.h3 Nf8 11.Be3 Ng6 12.Rc1 Bf8 13.b4 exd4 14.Bxd4 Ne5 15.Nd2 c5
16.Nd5 Nxd5 17.cxd5 b6 18.g3 Qd8 19.Bc3 Qg5 20.Re3 Qh6 21.f4 Ng6 22.h4 f5
23.Qf3 fxe4 24.Nxe4 Bf5 25.Rce1 Bd7 26.h5 Ne7 27.g4 Bxg4 28.Qxg4 Nxd5 29.Bc4
{#r} 1-0

[Event "Cup Rilton"]
[Site "masterchessopen.com - Stockholm (Sweden)"]
[Round "2"]
[White "Goodman David S C (ENG)"]
[Black "Broden Per (SWE)"]
[Result "1-0"]
[WhiteElo "2405"]
[BlackElo "1972"]

1.d4 Nf6 2.c4 d6 3.Nf3 Nbd7 4.Nc3 e5 5.e4 c6 6.Be2 a6 7.O-O b5 8.a3 Be7 9.Qc2
O-O 10.Rd1 Qc7 11.h3 Nb6 12.b3 exd4 13.Nxd4 d5 14.exd5 cxd5 15.cxb5 Bc5 16.Be3
Bxd4 17.Bxd4 Ne4 18.Qb2 Nxc3 19.Bxc3 Re8 20.Bh5 Qf4 21.Bxg7 Bf5 22.Qf6 Ra7
23.Bh8 {#r} 1-0

[Event "It"]
[Site "masterchessopen.com - Baerum"]
[Round "5"]
[White "Tiller Bjorn (NOR)"]
[Black "Mariotti Sergio (ITA)"]
[Result "0-1"]
[WhiteElo "2355"]
[BlackElo "2500"]

1.c4 e5 2.Nc3 Nf6 3.Nf3 d6 4.d4 Nbd7 5.e4 c6 6.Be2 Be7 7.O-O O-O 8.Re1 a6
9.Bf1 b5 10.c5 Qc7 11.cxd6 Bxd6 12.Bg5 exd4 13.Bxf6 Nxf6 14.Qxd4 c5 15.Qd2 Rd8
16.Qg5 Be7 17.e5 Ne4 18.Qf4 Nxc3 19.bxc3 Be6 20.a4 Rab8 21.Reb1 c4 22.axb5
axb5 23.Nd4 Rd5 24.Ra6 Bd7 25.Re1 f6 26.Nf3 fxe5 27.Nxe5 Rf8 28.Qe4 Qc5 29.Re3
Bf5 {#R} 0-1

[Event "It \"]
[Site "masterchessopen.com - Buenos Aires (Argentina)"]
[Round "0"]
[White "Behrensen Jorge (ARG)"]
[Black "Scalise Luis (ARG)"]
[Result "1-0"]
[WhiteElo "2325"]
[BlackElo "2182"]

1.d4 Nf6 2.Nf3 d6 3.c4 Nbd7 4.Nc3 e5 5.e4 Be7 6.Be2 O-O 7.O-O c6 8.Qc2 a6
9.Rd1 Qc7 10.b3 b5 11.Bb2 Bb7 12.Rac1 b4 13.dxe5 dxe5 14.Nb1 Bd6 15.Nbd2 Nc5
16.Bd3 Ne6 17.c5 Nxc5 18.Nc4 Nxd3 19.Qxd3 Bc5 20.Bxe5 Qe7 21.Nd6 Ba7 22.Bxf6
gxf6 23.Nh4 Kh8 24.Nhf5 Qc7 25.Nxb7 {#r} 1-0

[Event "Olympiad"]
[Site "masterchessopen.com - Malta"]
[Round "0"]
[White "Helmers Knut J (NOR)"]
[Black "Day Lawrence A (CAN)"]
[Result "1-0"]
[WhiteElo "2405"]
[BlackElo "2224"]

1.Nf3 Nf6 2.c4 d6 3.d4 Nbd7 4.Nc3 e5 5.e4 Be7 6.Be2 O-O 7.O-O c6 8.Be3 a6
9.Qc2 Re8 10.Rad1 Qc7 11.h3 b5 12.b4 bxc4 13.Bxc4 d5 14.Bb3 Bd6 15.dxe5 Nxe5
16.Nxe5 Bxe5 17.exd5 Bg4 18.hxg4 Nxg4 19.Qf5 Nh2 20.d6 g6 21.Qxe5 Kf8 22.Qh8#
1-0

[Event "It (open)"]
[Site "masterchessopen.com - Gausdal (Norway)"]
[Round "5"]
[White "Tisdall Jonathan D (NOR)"]
[Black "Westerinen Heikki M J (FIN)"]
[Result "1-0"]
[WhiteElo "2435"]
[BlackElo "2410"]

1.d4 Nf6 2.c4 d6 3.Nc3 e5 4.Nf3 Nbd7 5.e4 c6 6.Be2 a6 7.O-O b5 8.a3 Qc7 9.Re1
Be7 10.b4 O-O 11.cxb5 cxb5 12.Bb2 Bb7 13.Rc1 Qb8 14.d5 Nb6 15.Nd2 Bc8 16.Nb3
Bd7 17.Na5 Rc8 18.Bd3 Bd8 19.Qe2 Na4 20.Nxa4 Bxa5 21.bxa5 bxa4 22.Bc3 Bb5
23.Bb4 Bxd3 24.Qxd3 Ne8 25.Qe3 Qb5 26.Rc3 Qd7 27.Rec1 Nc7 28.Qh3 {#r} 1-0

[Event "Ch Norway"]
[Site "masterchessopen.com - Lillehammer (Norway)"]
[Round "7"]
[White "Tiller Bjorn (NOR)"]
[Black "Moen Ole-Christian (NOR)"]
[Result "1-0"]
[WhiteElo "2355"]
[BlackElo "2220"]

1.c4 e5 2.Nc3 Nf6 3.Nf3 d6 4.d4 Nbd7 5.e4 exd4 6.Nxd4 Nc5 7.f3 g6 8.Be2 Bg7
9.O-O O-O 10.Bg5 c6 11.Nb3 Ne6 12.Be3 Nh5 13.f4 Nf6 14.f5 Nc7 15.Bf4 gxf5
16.Bxd6 Nxe4 17.Bxf8 Qxf8 18.Qc2 a5 19.Nxe4 fxe4 20.Rad1 a4 21.Nd2 Bd4+ 22.Kh1
Qh6 23.Qxe4 Bxb2 24.Qe7 {#r} 1-0

[Event "Regionalliga Nord"]
[Site "masterchessopen.com - Germany"]
[Round "0"]
[White "Schulz Wolfgang (GER)"]
[Black "Lehmann Heinz G (GER)"]
[Result "0-1"]
[WhiteElo "2130"]
[BlackElo "2285"]

1.c4 Nf6 2.Nf3 d6 3.Nc3 e5 4.d4 Nbd7 5.e4 Be7 6.Be2 O-O 7.O-O c6 8.Re1 a6
9.Rb1 b5 10.b4 Bb7 11.Qc2 Re8 12.Bd2 Bf8 13.Bf1 exd4 14.Nxd4 Ne5 15.cxb5 axb5
16.h3 Rb8 17.Bf4 Ng6 18.Bh2 Qb6 19.Rbd1 Rbd8 20.Kh1 d5 21.e5 Bxb4 22.e6 Qc5
23.exf7+ Kxf7 24.Rxe8 Rxe8 25.Nf5 Ne4 {#R} 0-1

[Event "Olympiad URS"]
[Site "masterchessopen.com - Moscow (Russia)"]
[Round "0"]
[White "Litynska Marta (UKR)"]
[Black "Agababean Naira (MDA)"]
[Result "1-0"]
[WhiteElo "2326"]
[BlackElo "2181"]

1.d4 Nf6 2.c4 d6 3.Nc3 Nbd7 4.e4 e5 5.Nf3 c6 6.Be2 Be7 7.O-O O-O 8.Qc2 Ne8
9.Rd1 Qc7 10.h3 g6 11.Bh6 Ng7 12.Rd2 Kh8 13.Rad1 Nf6 14.c5 exd4 15.cxd6 Bxd6
16.Rxd4 Bc5 17.Rc4 Bb6 18.Nd5 Nxd5 19.exd5 Qg3 20.Nd4 Qe5 21.dxc6 Re8 22.Bf1
bxc6 23.Nf3 Qh5 24.Bg5 Bf5 25.Qc3 Re4 26.Rxe4 Bxe4 27.g4 Bxf3 28.gxh5 Bxd1
29.h6 {#r} 1-0

[Event "Ch Europe (team)"]
[Site "masterchessopen.com - Plovdiv (Bulgaria)"]
[Round "0"]
[White "Littlewood Paul E (ENG)"]
[Black "Stein Bernd (GER)"]
[Result "1-0"]
[WhiteElo "2465"]
[BlackElo "2375"]

1.d4 Nf6 2.c4 d6 3.Nc3 Nbd7 4.e4 e5 5.Nf3 c6 6.Be2 Be7 7.O-O O-O 8.Qc2 a6 9.h3
b5 10.a3 Qc7 11.Be3 Bb7 12.Rac1 Rac8 13.Rfd1 Rfe8 14.Qb1 Qb8 15.dxe5 dxe5
16.b4 c5 17.cxb5 cxb4 18.bxa6 bxa3 19.Qb3 Bc6 20.Ng5 Rf8 21.Nb5 Nxe4 22.Rxc6
Bxg5 23.Rxc8 Qxc8 24.Bxg5 Nxg5 25.Bg4 {#r} 1-0

[Event "Ch URS (team)"]
[Site "masterchessopen.com - Moscow (Russia)"]
[Round "0"]
[White "Polovodin Igor A (RUS)"]
[Black "Guseinov Aidyn (AZE)"]
[Result "1-0"]
[WhiteElo "2447"]
[BlackElo "2489"]

1.d4 Nf6 2.c4 d6 3.Nc3 Nbd7 4.e4 e5 5.Nf3 c6 6.Be2 Be7 7.O-O O-O 8.Re1 a6
9.Rb1 b5 10.b4 Qc7 11.a4 a5 12.axb5 axb4 13.Rxb4 d5 14.Rb3 dxe4 15.Nxe5 Nxe5
16.b6 Qb8 17.dxe5 Qxe5 18.g3 Bb7 19.Bf3 c5 20.Bf4 Qe6 21.Nxe4 Nxe4 22.Bxe4
Bxe4 23.b7 Rab8 24.Bxb8 Rxb8 25.f3 {#r} 1-0

[Event "Memorial K.Piskov"]
[Site "masterchessopen.com - Ruse (Bulgaria)"]
[Round "13"]
[White "Sydor Andrzej (POL)"]
[Black "Lazarov Alexander (BUL)"]
[Result "1-0"]
[WhiteElo "2395"]
[BlackElo "2224"]

1.d4 Nf6 2.Nf3 d6 3.c4 Nbd7 4.Nc3 e5 5.e4 Be7 6.h3 O-O 7.Be3 c6 8.Be2 a6 9.a4
Qa5 10.O-O Re8 11.Qc2 Bf8 12.b4 Qc7 13.d5 cxd5 14.cxd5 Nxe4 15.Qxe4 Qxc3
16.Rfc1 Nf6 17.Qb1 Bf5 18.Qxf5 Qxb4 19.Bd2 Qb6 20.Rab1 {#r} 1-0

[Event "Ch Yugoslavia"]
[Site "masterchessopen.com - Subotica (Yugoslavia)"]
[Round "0"]
[White "Rukavina Josip (CRO)"]
[Black "Kovacevic Vladimir (SRB)"]
[Result "1-0"]
[WhiteElo "2455"]
[BlackElo "2217"]

1.d4 Nf6 2.c4 d6 3.Nc3 e5 4.Nf3 Nbd7 5.e4 c6 6.Be2 a6 7.d5 Be7 8.O-O O-O 9.Be3
cxd5 10.cxd5 b5 11.Nd2 Nb6 12.a4 Nxa4 13.Nxa4 bxa4 14.Rxa4 a5 15.b4 Bd7 16.b5
Qe8 17.Qb3 Ng4 18.Bxg4 Bxg4 19.Rfa1 Be2 20.b6 Rb8 21.Rxa5 f5 22.exf5 Qc8
23.Ra7 Bh4 24.Qb4 e4 25.Nxe4 Qxf5 26.Qd4 Rf7 27.Nxd6 Rxa7 28.Nxf5 {#r} 1-0

[Event "It"]
[Site "masterchessopen.com - Klaipeda (Lithuania)"]
[Round "4"]
[White "Bareev Evgeny (RUS)"]
[Black "Serper Grigory (USA)"]
[Result "1-0"]
[WhiteElo "2310"]
[BlackElo "2522"]

1.d4 Nf6 2.c4 d6 3.Nc3 Nbd7 4.e4 e5 5.Nf3 Be7 6.Be2 c6 7.O-O Qc7 8.Re1 Nf8
9.c5 dxc5 10.dxe5 Ng4 11.Nd5 cxd5 12.exd5 Qb6 13.e6 Nxe6 14.Qa4+ Kf8 15.Qxg4
Nd4 16.Qh5 Nc2 17.Bg5 Bxg5 18.Nxg5 Qg6 19.Bb5 Bf5 20.Qe2 Nxe1 21.Rxe1 f6
22.Qe7+ Kg8 23.d6 {#r} 1-0

[Event "Ch North Germany"]
[Site "masterchessopen.com - Brilon (Germany)"]
[Round "7"]
[White "Reeh Oliver (GER)"]
[Black "Keitlinghaus Ludger (GER)"]
[Result "0-1"]
[WhiteElo "2453"]
[BlackElo "2489"]

1.d4 Nf6 2.c4 d6 3.Nc3 Nbd7 4.e4 e5 5.Nf3 g6 6.d5 Nc5 7.Qc2 a5 8.Be3 b6 9.h3
Bg7 10.g4 O-O 11.O-O-O Ne8 12.Rg1 Kh8 13.Be2 f5 14.gxf5 gxf5 15.Bg5 Qd7 16.Nh4
fxe4 17.Nxe4 Qf7 18.Rg3 Nxe4 19.Qxe4 Nf6 20.Qg2 Nh5 21.Bxh5 Qxh5 22.Rg1 Bd7
23.Kb1 Qe2 24.Be7 Rxf2 25.Qxf2 Qxf2 26.Rxg7 Re8 27.R7g2 Qxg1+ 28.Rxg1 Rxe7
{#R} 0-1

[Event "Cup Baltic (corr.)"]
[Site "masterchessopen.com - corr."]
[Round "0"]
[White "Engqvist Thomas (SWE)"]
[Black "Sakovich Igor (LAT)"]
[Result "0-1"]
[WhiteElo "2353"]
[BlackElo "2210"]

1.d4 Nf6 2.c4 d6 3.Nc3 Nbd7 4.e4 e5 5.Nf3 Be7 6.Be2 O-O 7.O-O c6 8.Re1 a6
9.Bf1 b5 10.a3 Re8 11.h3 Qc7 {#R} 0-1

[Event "Ch Netherlands (1/2 final)"]
[Site "masterchessopen.com - Eindhoven (Netherlands)"]
[Round "5"]
[White "Vlam Horatio (NED)"]
[Black "Visser Yge (NED)"]
[Result "0-1"]
[WhiteElo "2127"]
[BlackElo "2465"]

1.c4 e5 2.Nc3 Nf6 3.Nf3 d6 4.d4 Nbd7 5.e4 Be7 6.Be2 O-O 7.O-O c6 8.b3 Re8
9.Qc2 a6 10.Rd1 Bf8 11.Bg5 h6 12.Bh4 Qc7 13.Rac1 b6 14.a3 Nh5 15.b4 Nf4 16.Bg3
Nxe2+ 17.Qxe2 Nf6 18.c5 Bg4 19.Qd3 Bxf3 20.Qxf3 bxc5 21.bxc5 Qa5 22.d5 Rac8
23.dxc6 Rxc6 24.Nd5 Nxd5 25.exd5 Rxc5 26.Rb1 Rc3 27.Qf5 Rxa3 28.h3 Qa4 29.Rdc1
g6 30.Qf6 Be7 {#R} 0-1

[Event "It (cat.7)"]
[Site "masterchessopen.com - Elberfeld (Germany)"]
[Round "0"]
[White "Farago Ivan (HUN)"]
[Black "Ingenerf Stephan (GER)"]
[Result "1-0"]
[WhiteElo "2520"]
[BlackElo "2275"]

1.d4 d6 2.c4 e5 3.Nf3 Nd7 4.Nc3 Ngf6 5.e4 Be7 6.Be2 O-O 7.O-O c6 8.Be3 Re8
9.d5 c5 10.Ne1 Kh8 11.Nd3 h6 12.f4 exf4 13.Bxf4 Bf8 14.Bf3 a6 15.a4 Ne5
16.Nxe5 dxe5 17.Be3 Bd7 18.Qd2 a5 19.Be2 Kg8 20.Rf2 Ng4 21.Bxg4 Bxg4 22.Raf1
Bh5 23.Nb5 Bd6 24.Bxh6 {#r} 1-0

[Event "It"]
[Site "masterchessopen.com - Lauda (Germany)"]
[Round "3"]
[White "Loeffler Stefan (GER)"]
[Black "Steinmacher Josef (GER)"]
[Result "1-0"]
[WhiteElo "2424"]
[BlackElo "2007"]

1.d4 Nf6 2.c4 d6 3.Nc3 e5 4.Nf3 Nbd7 5.e4 Be7 6.g3 O-O 7.Bg2 c6 8.O-O b6 9.Qe2
a6 10.Rd1 Qc7 11.b4 Re8 12.Bb2 Bf8 13.d5 c5 14.a3 g6 15.h3 Nh5 16.Bc1 Bg7
17.Ne1 Kh8 18.Be3 f5 19.exf5 Nf4 20.Bxf4 exf4 21.Qxe8+ {#r} 1-0

[Event "Cup Doeberl"]
[Site "masterchessopen.com - Canberra (Australia)"]
[Round "6"]
[White "Rogers Ian (AUS)"]
[Black "Shaw Terrey I (AUS)"]
[Result "1-0"]
[WhiteElo "2535"]
[BlackElo "2280"]

1.c4 Nf6 2.Nc3 e5 3.Nf3 d6 4.d4 Nbd7 5.e4 Be7 6.Be2 O-O 7.O-O c6 8.h3 Qc7
9.Qc2 Re8 10.Re1 Bf8 11.Bf1 a5 12.Bg5 h6 13.Be3 Be7 14.Rad1 b6 15.a3 Bb7 16.d5
c5 17.Rb1 Reb8 18.Nh4 Nxd5 19.Nxd5 Bxd5 20.Nf5 {#r} 1-0

[Event "Tournament"]
[Site "masterchessopen.com - Estes Park (USA)"]
[Round "0"]
[White "Linn G (USA)"]
[Black "Akhsharumova Anna M (USA)"]
[Result "0-1"]
[WhiteElo "2035"]
[BlackElo "2310"]

1.d4 Nf6 2.c4 d6 3.Nc3 Nbd7 4.e4 e5 5.Nf3 Be7 6.Be2 O-O 7.O-O c6 8.Qc2 a6
9.Rd1 Qc7 10.Bg5 h6 11.Bh4 Re8 12.Rac1 Qb8 13.a3 Nf8 14.dxe5 dxe5 15.Bxf6 Bxf6
16.c5 Bg4 17.Na4 Qc7 18.Nb6 Rad8 19.Nc4 Ne6 20.Nd6 Rf8 21.Qc3 Nxc5 22.Nxf7
Rxd1+ 23.Rxd1 Ne6 24.Nd6 Kh8 25.h3 Nd4 26.Nxd4 exd4 {#R} 0-1

[Event "It (open)"]
[Site "masterchessopen.com - New York (USA)"]
[Round "0"]
[White "Zaltsman Vitaly F (USA)"]
[Black "Schorr Leon (VEN)"]
[Result "1-0"]
[WhiteElo "2445"]
[BlackElo "2215"]

1.d4 Nf6 2.c4 d6 3.Nc3 Nbd7 4.e4 e5 5.Nf3 c6 6.Be2 Be7 7.O-O O-O 8.Re1 Qc7
9.Bf1 Re8 10.h3 a6 11.d5 cxd5 12.cxd5 b5 13.Bd2 Qb7 14.Rc1 Nb6 15.b3 Bd7
16.Bd3 Rec8 17.Qe2 Be8 18.Be3 Bd8 19.Nd2 Nbd7 20.a4 Ba5 21.Na2 bxa4 22.bxa4
Nc5 23.Bxc5 dxc5 24.Nc3 Bxc3 25.Rxc3 Bxa4 26.Rb1 Qa7 27.Ra1 Bd7 28.Rca3 c4
29.Nxc4 {#r} 1-0

[Event "Memorial G.Agzamov"]
[Site "masterchessopen.com - Tashkent (Uzbekistan)"]
[Round "0"]
[White "Timoscenko Gennadij (SVK)"]
[Black "Zagrebelny Sergey (UZB)"]
[Result "1-0"]
[WhiteElo "2490"]
[BlackElo "2270"]

1.d4 Nf6 2.c4 d6 3.Nc3 Nbd7 4.e4 e5 5.Nf3 Be7 6.Be2 O-O 7.O-O c6 8.Rb1 exd4
9.Nxd4 d5 10.exd5 cxd5 11.cxd5 Nb6 12.Bf3 Nfxd5 13.Nxd5 Nxd5 14.Qb3 Nb6 15.Be3
Bg5 16.Rfd1 Bxe3 17.Qxe3 Qf6 18.Rbc1 Rb8 19.Qa3 Rd8 20.Nb3 h6 21.Nc5 a6 22.Ne4
Rxd1+ 23.Rxd1 Qe5 24.Rd8+ Kh7 25.Qf8 Qf4 26.Qg8+ Kg6 27.Rd6+ {#r} 1-0

[Event "It (open)"]
[Site "masterchessopen.com - Travemunde (Germany)"]
[Round "0"]
[White "Stelting Thorsten (GER)"]
[Black "Dreyer Martin (NZL)"]
[Result "1-0"]
[WhiteElo "2212"]
[BlackElo "2275"]

1.d4 Nf6 2.c4 d6 3.Nc3 Nbd7 4.e4 e5 5.Nf3 Be7 6.Be2 O-O 7.O-O c6 8.h3 a6 9.Be3
Re8 10.Qc2 b6 11.Rfd1 Qc7 12.Rac1 Bb7 13.b4 Bf8 14.d5 c5 15.a3 cxb4 16.axb4
Rec8 17.Qb3 a5 18.c5 dxc5 19.d6 c4 20.Qa4 Qb8 21.b5 Bxd6 22.Bxc4 h6 23.Nh4 Rf8
24.Ng6 Rd8 25.Qa2 Nxe4 26.Bxf7+ Kh7 27.Qc2 Ndf6 28.f3 Bc5 29.Bxc5 Nxc5 30.Nf8+
{#r} 1-0

[Event "Tournament"]
[Site "masterchessopen.com - Athens (Greece)"]
[Round "0"]
[White "Skembris Spyridon (GRE)"]
[Black "Dimitriadis Konstantinos (GRE)"]
[Result "1-0"]
[WhiteElo "2425"]
[BlackElo "2323"]

1.d4 Nf6 2.Nf3 d6 3.c4 Nbd7 4.Nc3 e5 5.e4 Be7 6.Be2 O-O 7.O-O c6 8.Rb1 exd4
9.Nxd4 Re8 10.Nf5 Bf8 11.Nxd6 Bxd6 12.Qxd6 Nxe4 13.Nxe4 Rxe4 14.Be3 Re6 15.Qd2
Re8 16.Rbd1 Qe7 17.Rfe1 Nf6 18.Bd4 Be6 19.Bf3 Nd7 20.b3 Nf8 21.Qc3 f6 22.Bh5
Ng6 23.Qg3 Qb4 24.Bxf6 gxf6 25.Bxg6 hxg6 26.Qxg6+ Kf8 27.Qxf6+ Bf7 28.Qh8+ Bg8
29.Qh6+ Kf7 30.Rd7+ {#r} 1-0

[Event "?"]
[Site "masterchessopen.com - Cannes (France)"]
[Round "0"]
[White "Flear Christine (FRA)"]
[Black "Bricard Emmanuel (FRA)"]
[Result "1-0"]
[WhiteElo "2185"]
[BlackElo "2511"]

1.d4 d6 2.c4 Nd7 3.Nc3 e5 4.e4 Ngf6 5.Nf3 Be7 6.Be2 O-O 7.O-O c6 8.Rb1 a6 9.a3
Qc7 10.b4 Re8 11.Re1 Bf8 12.Bf1 exd4 13.Nxd4 g6 14.Bg5 Bg7 15.Qd2 b5 16.Rbc1
c5 17.Nb3 bxc4 18.Bxc4 Nb6 19.Nd5 Nbxd5 20.Bxd5 Nxd5 21.exd5 Rxe1+ 22.Rxe1 Bd7
23.bxc5 dxc5 24.d6 Qb6 25.Qd5 Re8 26.Rxe8+ Bxe8 27.d7 Bxd7 28.Qa8+ Bf8 29.Be7
{#r} 1-0

[Event "Ch OWL"]
[Site "masterchessopen.com - Detmold (Germany)"]
[Round "0"]
[White "Hofmann Manfred (GER)"]
[Black "Forchert Niko (GER)"]
[Result "1-0"]
[WhiteElo "1837"]
[BlackElo "2189"]

1.c4 Nf6 2.Nc3 d6 3.d4 Nbd7 4.e4 e5 5.Nf3 c6 6.Be2 Be7 7.O-O Qc7 8.Rb1 a5
9.Qc2 O-O 10.h3 h6 11.Re1 Re8 12.Bf1 Bf8 13.b3 Nh5 14.a3 g6 15.b4 axb4 16.axb4
Kh7 17.Be3 Ng7 18.Qd2 exd4 19.Nxd4 Ne6 20.Nc2 Nf6 21.Rbd1 Rd8 22.f4 Bg7 23.Be2
d5 24.exd5 cxd5 25.cxd5 Nxd5 26.Nxd5 Rxd5 27.Qxd5 {#r} 1-0

[Event "It (cat.9)"]
[Site "masterchessopen.com - Polanica Zdroj (Poland)"]
[Round "0"]
[White "Teske Henrik (GER)"]
[Black "Petrosian Arshak B (ARM)"]
[Result "0-1"]
[WhiteElo "2547"]
[BlackElo "2460"]

1.d4 Nf6 2.c4 d6 3.Nc3 Nbd7 4.e4 e5 5.Nf3 Be7 6.g3 O-O 7.Bg2 c6 8.O-O a6 9.h3
Qc7 10.Be3 b6 11.c5 dxc5 12.dxe5 Nxe5 13.Nxe5 Qxe5 14.f4 Qc7 15.Qf3 Bb7 16.g4
c4 17.g5 Nd7 18.e5 Nc5 19.Qh5 Rad8 20.Ne4 g6 21.Qh4 Nxe4 22.Bxe4 c5 23.Bxb7
Qxb7 24.f5 gxf5 25.Rxf5 Rd3 26.Qf4 Qd5 27.Kh2 Rd1 28.e6 Bd6 {#R} 0-1

[Event "Ch Denmark (team) 1989/90"]
[Site "masterchessopen.com - Denmark"]
[Round "4"]
[White "Holst Allan (DEN)"]
[Black "Knudsen Ole Scott (NOR)"]
[Result "1-0"]
[WhiteElo "2329"]
[BlackElo "2230"]

1.d4 Nf6 2.c4 d6 3.Nc3 Nbd7 4.e4 e5 5.Nf3 c6 6.Be2 Be7 7.O-O O-O 8.Re1 Re8
9.Bf1 Bf8 10.d5 c5 11.a3 a5 12.Rb1 Kh8 13.b4 b6 14.Re2 Ng8 15.Bg5 f6 16.Bh4
Be7 17.Qa4 Nf8 18.bxc5 bxc5 19.Reb2 f5 20.Bxe7 Rxe7 21.Qc6 fxe4 22.Qxa8 exf3
23.Rb8 Re8 24.Ne4 Nd7 25.Nxd6 Nxb8 26.Nf7# 1-0

[Event "Ch Ukraine"]
[Site "masterchessopen.com - Kherson (Ukraine)"]
[Round "0"]
[White "Maksimenko Andrei (UKR)"]
[Black "Foigel Igor (USA)"]
[Result "0-1"]
[WhiteElo "2553"]
[BlackElo "2415"]

1.d4 Nf6 2.c4 d6 3.Nc3 Nbd7 4.e4 e5 5.Nf3 g6 6.Bg5 h6 7.Bh4 exd4 8.Nxd4 Bg7
9.Be2 O-O 10.O-O c6 11.Qd2 Nxe4 12.Qf4 Ng5 13.Rad1 Nc5 14.Kh1 Nce6 15.Bxg5
Nxf4 16.Bxd8 Rxd8 17.Bf3 Ne6 18.Nb3 Ng5 19.Be2 Bxc3 20.bxc3 Ne4 21.Rd3 Be6
22.Re3 Nc5 23.Nd4 Re8 24.Rd1 Bd7 25.Rxe8+ Rxe8 26.Kg1 Na4 {#R} 0-1

[Event "Ch RLP"]
[Site "masterchessopen.com - Rheinland-Pfalz (Germany)"]
[Round "7"]
[White "Reha Fauad"]
[Black "Labin Sascha (GER)"]
[Result "1-0"]
[WhiteElo "2320"]
[BlackElo "2021"]

1.d4 d6 2.c4 Nf6 3.Nc3 Nbd7 4.e4 e5 5.Nf3 c6 6.Be2 Be7 7.O-O a6 8.Qc2 O-O
9.Rd1 Qc7 10.Be3 Ng4 11.Bd2 d5 12.cxd5 exd4 13.Nb1 Nde5 14.Nxd4 Ng6 15.Bxg4
Bxg4 16.f3 Qe5 17.Bc3 Bd6 18.g3 {#r} 1-0